Asian glory : cricket world cup 2011 (Record no. 71584)

000 -LEADER
fixed length control field 00512nam a22001817a 4500
003 - CONTROL NUMBER IDENTIFIER
control field NUST - PNEC
005 - DATE AND TIME OF LATEST TRANSACTION
control field 20170116181204.0
008 - FIXED-LENGTH DATA ELEMENTS--GENERAL INFORMATION
fixed length control field 160225b xxu||||| |||| 00| 0 eng d
020 ## - INTERNATIONAL STANDARD BOOK NUMBER
International Standard Book Number 9789698893095
040 ## - CATALOGING SOURCE
Transcribing agency LIBRARY
082 ## - DEWEY DECIMAL CLASSIFICATION NUMBER
Classification number 796.358 KHA
100 ## - MAIN ENTRY--PERSONAL NAME
9 (RLIN) 16620
Personal name Mahmood, Syed Khalid
245 ## - TITLE STATEMENT
Title Asian glory : cricket world cup 2011
Statement of responsibility, etc. Syed Khalid Mahmood
260 ## - PUBLICATION, DISTRIBUTION, ETC.
Place of publication, distribution, etc. Karachi
Name of publisher, distributor, etc. Jumbo Publishing
Date of publication, distribution, etc. c.2011
300 ## - PHYSICAL DESCRIPTION
Extent 162 p. :
650 ## - SUBJECT ADDED ENTRY--TOPICAL TERM
9 (RLIN) 16622
Topical term or geographic name entry element World Cup (Cricket)
General subdivision General
942 ## - ADDED ENTRY ELEMENTS (KOHA)
Source of classification or shelving scheme
Koha item type Book
Holdings
Withdrawn status Lost status Source of classification or shelving scheme Damaged status Not for loan Permanent Location Current Location Shelving location Date acquired Source of acquisition Total Checkouts Full call number Barcode Date last seen Price effective from Koha item type
          Pakistan Navy Engineering College (PNEC) Pakistan Navy Engineering College (PNEC)     Donated Nust   796.358 KHA PNECLIB-032375 02/25/2016   Book
© 2023 Central Library, National University of Sciences and Technology. All Rights Reserved.